CA River Plate Squad 2025 - Statistics

General Stats
  • This quiz has been taken 57 times
  • The average score is 22 of 30
Answer Stats
# Position Nation Player % Correct
1 GK Argentina Franco Armani
100%
4 DF Argentina Gonzalo Montiel
96%
17 DF Chile Paulo Díaz
91%
9 FW Colombia Miguel Borja
89%
30 MF Argentina Franco Mastantuono
87%
6 DF Argentina Germán Pezzella
87%
- Coach Argentina Marcelo Gallardo
87%
21 DF Argentina Marcos Acuña
87%
24 MF Argentina Enzo Pérez
85%
26 MF Argentina Nacho Fernández
83%
28 DF Argentina Lucas Martínez Quarta
81%
10 MF Argentina Manuel Lanzini
81%
25 GK Argentina Conan Ledesma
77%
11 FW Argentina Facundo Colidio
77%
22 MF Colombia Kevin Castaño
77%
20 DF Argentina Milton Casco
77%
18 MF Argentina Gonzalo Martínez
74%
15 MF Argentina Sebastián Driussi
74%
7 MF Paraguay Matías Rojas
72%
38 FW Argentina Ian Subiabre
68%
8 FW Argentina Maximiliano Meza
68%
14 DF Argentina Leandro González Pírez
66%
16 DF Argentina Fabricio Bustos
64%
5 MF Argentina Matías Kranevitter
64%
32 FW Argentina Agustín Ruberto
55%
2 DF Argentina Federico Gattoni
55%
34 MF Argentina Giuliano Galoppo
51%
31 MF Argentina Santiago Simón
51%
19 FW Chile Gonzalo Tapia
49%
29 MF Argentina Rodrigo Aliendro
47%
No matching quizzes found
Score Distribution
Percent of People with Each Score
Percentile by Number Answered
Your Score History
You have not taken this quiz